Obálka Náhled e-knihy:
PDF Epub
Pro půjčování e-knih musíte být přihlášeni.
Jak si půjčit online?

Rozervané království /

Druhá část historické trilogie, odehrávající se ve středověké Anglii po normanském záboru.

Uloženo v:
Série:Rytíř Tancred, část 2
Hlavní autor: Aitcheson, James, 1985- (Autor)
Další autoři: Pachlová, Petra, 1970- (Autor)
Médium: E-kniha
Jazyk:Czech
Vydáno: V Praze : Vyšehrad, 2017
Vydání:Vydání první
Témata:
Příbuzné jednotky:Z cyklu:: Rytíř Tancred
Tagy:
Žádné tagy
LEADER 02988nam a2200517 i 4500
001 297316
003 CZ PrSKC
005 20260407070838.0
007 ta
008 170303s2017 xr g 000 f cze
015 |a cnb002883925 
020 |a 9788074297335  |q (vázáno) :  |c Kč 368,00 
035 |a (OCoLC)982101339 
040 |a OLA001  |b cze  |e rda 
041 1 |a cze  |h eng 
043 |a e-uk-en 
045 |a o-o- 
072 7 |a 821.111-3  |x Anglická próza, anglicky psaná  |2 Konspekt 
080 |a 821.111-31  |2 MRF 
080 |a 94(410.1)  |2 MRF 
080 |a (0:82-311.6)  |2 MRF 
100 1 |a Aitcheson, James,  |d 1985-  |7 xx0201823  |4 aut 
240 1 0 |a Splintered kingdom.  |l Česky 
245 1 0 |a Rozervané království /  |c James Aitcheson ; z anglického originálu The splintered kingdom ... přeložila Petra Pachlová 
250 |a Vydání první 
264 1 |a V Praze :  |b Vyšehrad,  |c 2017 
300 |a 425 stran ;  |c 21 cm 
336 |a text  |b txt  |2 rdacontent 
337 |a bez média  |b n  |2 rdamedia 
338 |a svazek  |b nc  |2 rdacarrier 
520 2 |a Druhá část historické trilogie, odehrávající se ve středověké Anglii po normanském záboru. 
520 2 |a Příběh začíná na nepokojné hranici Anglie a Walesu, kde Tancred, známý hrdinskými válečnými činy, dostane půdu od svého nového pána Roberta Maleta na oplátku za své služby v bitvě o Eoferwic. Teď je tedy i on vlastním pánem, má malou družinu rytířů a sídlo, které může nazývat domovem. Jenže situace v celém království, a obzvlášť na hranici, je víc než neklidná a Tancred by mohl o své těžce vydobyté výsady brzy přijít. Normanské království se ocitá ze všech stran v obklíčení - staří i noví nepřátelé se spojí a chystají se zaútočit. Křehká vláda krále Guillauma v Anglii se tím dostává až na pokraj pádu. Tancred je vybrán, aby vedl výpravu do vnitrozemí Walesu. Ujímá se tak těžkého úkolu, který ho buď proslaví, nebo přivede do záhuby. Nakladatelská anotace. Kráceno. 
648 7 |a 11. století  |7 ch460549  |2 czenas 
651 7 |a Anglie  |7 ge134022  |x dějiny  |y 11. století  |2 czenas 
651 9 |a England  |x history  |y 11th century  |2 eczenas 
655 7 |a anglické romány  |7 fd131814  |2 czenas 
655 7 |a historické romány  |7 fd132414  |2 czenas 
655 9 |a English fiction  |2 eczenas 
655 9 |a historical novels  |2 eczenas 
700 1 |a Pachlová, Petra,  |d 1970-  |7 xx0070502  |4 aut 
787 0 8 |i Z cyklu:  |t Rytíř Tancred  |g 2 
900 |a ABA001  |b 20 
044 |a xr 
910 |a RBIT002 
998 |d 171717  |a https://core.palmknihy.cz/api/books/171717/cover?je6dci  |b https://core.palmknihy.cz/api/books/171717/cover/400?isuk9t  |c https://core.palmknihy.cz/api/books/171717/cover/50?k69e81  |e 2030-12-31  |g 432  |i 9788074297335  |j https://core.palmknihy.cz/api/books/171717/preview.epub  |k https://core.palmknihy.cz/api/books/171717/preview.pdf  |l   |q 49  |r 1  |s https://www.palmknihy.cz/kniha/171717  |t ebook  |y 2017  |z 0 
999 |d 297314